000 00308nam a22001097a 4500
008 230621b xxu||||| |||| 00| 0 eng d
082 _a327.54
_bGAN 1983
245 _aPrime Minister Indira Gandhi
_bStatements on Foreign Policy January- April,1983
260 _aIndia
_c1983
300 _a102p
942 _2ddc
_cBK
999 _c1977
_d1977